| 000 -LEADER |
| fixed length control field |
02812cam a22004098i 4500 |
| 001 - CONTROL NUMBER |
| control field |
21825174 |
| 003 - CONTROL NUMBER IDENTIFIER |
| control field |
NUST |
| 005 - DATE AND TIME OF LATEST TRANSACTION |
| control field |
20220825160351.0 |
| 006 - FIXED-LENGTH DATA ELEMENTS--ADDITIONAL MATERIAL CHARACTERISTICS |
| fixed length control field |
m |o d | |
| 007 - PHYSICAL DESCRIPTION FIXED FIELD--GENERAL INFORMATION |
| fixed length control field |
cr ||||||||||| |
| 008 - FIXED-LENGTH DATA ELEMENTS--GENERAL INFORMATION |
| fixed length control field |
201130s2021 nyu o 000 1 eng |
| 010 ## - LIBRARY OF CONGRESS CONTROL NUMBER |
| LC control number |
2020045267 |
| 020 ## - INTERNATIONAL STANDARD BOOK NUMBER |
| International Standard Book Number |
9780593101551 |
| Qualifying information |
(ebook) |
| 020 ## - INTERNATIONAL STANDARD BOOK NUMBER |
| Canceled/invalid ISBN |
9780593101537 |
| Qualifying information |
(hardcover) |
| 038 ## - RECORD CONTENT LICENSOR |
| Staff Name |
Azhar |
| 040 ## - CATALOGING SOURCE |
| Original cataloging agency |
DLC |
| Language of cataloging |
eng |
| Transcribing agency |
DLC |
| Description conventions |
rda |
| 042 ## - AUTHENTICATION CODE |
| Authentication code |
pcc |
| 050 00 - LIBRARY OF CONGRESS CALL NUMBER |
| Classification number |
PS3620.E75 |
| 082 00 - DEWEY DECIMAL CLASSIFICATION NUMBER |
| Classification number |
813.6 |
| Author Mark |
BEN |
| 100 1# - MAIN ENTRY--PERSONAL NAME |
| Personal name |
Benedict, Marie, |
| Relator term |
author. |
| 9 (RLIN) |
97271 |
| 245 14 - TITLE STATEMENT |
| Title |
The personal librarian |
| Statement of responsibility, etc. |
Marie Benedict and Victoria Christopher Murray. |
| 260 ## - PUBLICATION, DISTRIBUTION, ETC. |
| Place of publication, distribution, etc. |
New York : |
| Name of publisher, distributor, etc. |
Berkley, |
| Date of publication, distribution, etc. |
2021 |
| 263 ## - PROJECTED PUBLICATION DATE |
| Projected publication date |
2106 |
| 300 ## - PHYSICAL DESCRIPTION |
| Extent |
341p |
| 336 ## - CONTENT TYPE |
| Content type term |
text |
| Content type code |
txt |
| Source |
rdacontent |
| 337 ## - MEDIA TYPE |
| Media type term |
computer |
| Media type code |
c |
| Source |
rdamedia |
| 338 ## - CARRIER TYPE |
| Carrier type term |
online resource |
| Carrier type code |
cr |
| Source |
rdacarrier |
| 520 ## - SUMMARY, ETC. |
| Summary, etc. |
"The remarkable, little-known story of Belle da Costa Greene, J. P. Morgan's personal librarian-who became one of the most powerful women in New York despite the dangerous secret she kept in order to make her dreams come true, from New York Times bestselling author Marie Benedict and acclaimed author Victoria Christopher Murray. In her twenties, Belle da Costa Greene is hired by J. Pierpont Morgan to curate a collection of rare manuscripts, books, and artwork for his newly built Morgan Library. Belle becomes a fixture on the New York society scene and one of the most powerful people in the art and book world, known for her impeccable taste and shrewd negotiating for critical works as she helps build a world-class collection. But Belle has a secret, one she must protect at all costs. She was born not Belle da Costa Greene but Belle Marion Greener. She is the daughter of Richard Greener, the first Black graduate of Harvard and well-known advocate for equality. Belle's complexion isn't dark because of her alleged Portuguese heritage that lets her pass as white-her complexion is dark because she is African American. The Personal Librarian tells the story of an extraordinary woman, famous for her intellect, style, and wit, and shares the lengths she must go-for the protection of her family and her legacy-to preserve her carefully crafted white identity in the racist world in which she lives"-- |
| Assigning source |
Provided by publisher. |
| 588 ## - SOURCE OF DESCRIPTION NOTE |
| Source of description note |
Description based on print version record and CIP data provided by publisher; resource not viewed. |
| 600 10 - SUBJECT ADDED ENTRY--PERSONAL NAME |
| Personal name |
Greene, Belle da Costa |
| Form subdivision |
Fiction. |
| 9 (RLIN) |
97272 |
| 655 #7 - INDEX TERM--GENRE/FORM |
| Genre/form data or focus term |
Biographical fiction. |
| Source of term |
gsafd |
| 9 (RLIN) |
416 |
| 700 1# - ADDED ENTRY--PERSONAL NAME |
| Personal name |
Murray, Victoria Christopher, |
| Relator term |
author. |
| 9 (RLIN) |
97273 |
| 776 08 - ADDITIONAL PHYSICAL FORM ENTRY |
| Relationship information |
Print version: |
| Main entry heading |
Benedict, Marie. |
| Title |
The personal librarian |
| Place, publisher, and date of publication |
New York : Berkley, [2021] |
| International Standard Book Number |
9780593101537 |
| Record control number |
(DLC) 2020045266 |
| 906 ## - LOCAL DATA ELEMENT F, LDF (RLIN) |
| a |
7 |
| b |
cbc |
| c |
orignew |
| d |
1 |
| e |
ecip |
| f |
20 |
| g |
y-gencatlg |
| 942 ## - ADDED ENTRY ELEMENTS (KOHA) |
| Source of classification or shelving scheme |
|
| Koha item type |
Lincoln Corner |